Statistics for Countries that border countries that border countries that border Algeria

Click here to take the quiz!

General Stats

  • This quiz has been taken 85 times
  • The average score is 12 of 16

Answer Stats

Country% Correct
Central African Republic
89%
Cameroon
87%
Togo
87%
Ethiopia
83%
Gambia
83%
Liberia
83%
South Sudan
83%
Ghana
81%
Eritrea
80%
Sierra Leone
78%
France (Ceuta and Melilla)
76%
Israel
76%
Guinea-Bissau
75%
Portugal (Ceuta and Melilla)
72%
Andorra (Ceuta and Melilla)
59%
United Kingdom (Ceuta and Melilla) (Gibraltar)
52%

Score Distribution

Percentile by Number Answered

Percent of People with Each Score

Your Score History

You have not taken this quiz